| 000 | 01252cab a2200433 4500 | ||
|---|---|---|---|
| 001 | ABS48273 | ||
| 008 | 090401t1993 xxu||||| |||| 00| 0 eng d | ||
| 035 | _a(Sirsi) u65853 | ||
| 041 | _aeng | ||
| 100 | _aFleming, M. | ||
| 245 | _aHousing markets in the European Community | ||
| 260 | _c1993 | ||
| 350 | _a0 | ||
| 490 |
_aCBSI Journal _v47(16) March 1993, 4-8(4) |
||
| 520 | _aComparison of the housing markets in the European countries covering population and land area of each country, percentage distribution of household sizes, housing stock and occupancy, housing tenure, changes in housing costs and retail prices and inflation in house prices. References. | ||
| 650 | _aBELGIUM | ||
| 650 | _aDEMOGRAPHY | ||
| 650 | _aDENMARK | ||
| 650 | _aEIRE | ||
| 650 | _aFINANCE | ||
| 650 | _aFRANCE | ||
| 650 | _aGERMNAY | ||
| 650 | _aGREECE | ||
| 650 | _aHOUSE PRICES | ||
| 650 | _aHOUSING STOCK | ||
| 650 | _aIRELAND | ||
| 650 | _aITALY | ||
| 650 | _aLUXEMBOURG | ||
| 650 | _aNETHERLANDS | ||
| 650 | _aOWNER-OCCUPATION | ||
| 650 | _aPORTUGAL | ||
| 650 | _aRENTED HOUSING | ||
| 650 | _aSPAIN | ||
| 690 | _aHOUSING | ||
| 690 | _aOVERSEAS-EUROPE | ||
| 700 | _aNellis, J. | ||
| 942 | _n0 | ||
| 948 | _c04/03/1997 | ||
| 999 |
_c41122 _d41122 |
||